Reimagining restorative justice
An alternative paradigm of justice -- Restorative justice theory: concepts, processes and outcomes -- Theorising restorative justice in criminal justice -- Victims and offenders: agency and accountability in practice -- Restorative practices at the periphery of criminal justice -- Mediation and rest...
| VerfasserInnen: | ; |
|---|---|
| Medienart: | Druck Buch |
| Sprache: | Englisch |
| Veröffentlicht: |
Oxford Portland, Oregon
Hart Publishing
2017
|
| In: | Jahr: 2017 |
| Online-Zugang: |
Inhaltsverzeichnis Klappentext (Verlag) |
| Bestand in Tübingen: | In Tübingen vorhanden. UB: KB 20 A 9073 |
| Verfügbarkeit prüfen: | HBZ Gateway |
| Subito Bestelldienst: | Jetzt bestellen. |
| Schlagwörter: |
MARC
| LEADER | 00000cam a2200000 c 4500 | ||
|---|---|---|---|
| 001 | 863006361 | ||
| 003 | DE-627 | ||
| 005 | 20251224202213.0 | ||
| 007 | tu | ||
| 008 | 160713s2017 xxk||||| 00| ||eng c | ||
| 020 | |a 9781849460569 |c : Broschur : pbk.£24.00 |9 978-1-84946-056-9 | ||
| 035 | |a (DE-627)863006361 | ||
| 035 | |a (DE-576)361834586 | ||
| 035 | |a (DE-599)GBV863006361 | ||
| 035 | |a (OCoLC)953515101 | ||
| 035 | |a (OCoLC)951603963 | ||
| 040 | |a DE-627 |b ger |c DE-627 |e rda | ||
| 041 | |a eng | ||
| 044 | |c XA-GB |c XD-US | ||
| 050 | 0 | |a K5103 | |
| 082 | 0 | |a 364.6/8 |q LOC |2 23 | |
| 084 | |a 2,1 |2 ssgn | ||
| 084 | |a PH 8600 |2 rvk |0 (DE-625)rvk/136512: | ||
| 100 | 1 | |8 1\p |a O'Mahony, David |e VerfasserIn |0 (DE-588)170402541 |0 (DE-627)060487399 |0 (DE-576)131293524 |4 aut | |
| 109 | |a O'Mahony, David | ||
| 245 | 1 | 0 | |a Reimagining restorative justice |c by David O'Mahony and Jonathan Doak |
| 246 | 1 | |i Titelzusatz auf dem Umschlag |a Agency and accountability in the criminal process | |
| 264 | 1 | |a Oxford |a Portland, Oregon |b Hart Publishing |c 2017 | |
| 300 | |a ix, 256 Seiten |b Diagramme |c 24 cm | ||
| 336 | |a Text |b txt |2 rdacontent | ||
| 337 | |a ohne Hilfsmittel zu benutzen |b n |2 rdamedia | ||
| 338 | |a Band |b nc |2 rdacarrier | ||
| 500 | |a Literaturverzeichnis: Seite 217-246. - Sachregister: Seite 247-256 | ||
| 520 | |a An alternative paradigm of justice -- Restorative justice theory: concepts, processes and outcomes -- Theorising restorative justice in criminal justice -- Victims and offenders: agency and accountability in practice -- Restorative practices at the periphery of criminal justice -- Mediation and restorative justice in continental europe -- Mainstreamed restorative justice: youth conferencing -- Restorative justice and recidivism -- Reimagining restorative justice: towards empowerment | ||
| 583 | 1 | |a Archivierung/Langzeitarchivierung gewährleistet |f SSG |x XA-DE-BW |2 pdager |5 DE-21 | |
| 650 | 0 | |a Restorative Justice | |
| 650 | 0 | |a Criminal justice, Administration of | |
| 689 | 0 | 0 | |d s |0 (DE-588)4136959-2 |0 (DE-627)105653578 |0 (DE-576)209673583 |a Wiedergutmachung |2 gnd |
| 689 | 0 | 1 | |d s |0 (DE-588)4215596-4 |0 (DE-627)105056006 |0 (DE-576)210226234 |a Täter-Opfer-Ausgleich |2 gnd |
| 689 | 0 | 2 | |d s |0 (DE-588)4057795-8 |0 (DE-627)106149458 |0 (DE-576)209123737 |a Strafrecht |2 gnd |
| 689 | 0 | |5 (DE-627) | |
| 700 | 1 | |a Doak, Jonathan |e VerfasserIn |0 (DE-588)102703859X |0 (DE-627)728154625 |0 (DE-576)183402375 |4 aut | |
| 776 | 1 | |z 9781509901067 |c : (ePDF) | |
| 776 | 1 | |z 9781782251972 |c : (ePUB) | |
| 856 | 4 | 2 | |u https://swbplus.bsz-bw.de/bsz361834586inh.htm |m B:DE-576;DE-21 |q application/pdf |v 20171017133426 |x Verlag |3 Inhaltsverzeichnis |7 1 |
| 856 | 4 | 2 | |u https://swbplus.bsz-bw.de/bsz361834586kla.htm |m B:DE-576;DE-21 |q application/pdf |v 20171017133427 |x Verlag |3 Klappentext |7 1 |
| 883 | |8 1\p |a cgwrk |d 20241001 |q DE-101 |u https://d-nb.info/provenance/plan#cgwrk | ||
| 935 | |a mkri | ||
| 935 | |i Blocktest | ||
| 936 | r | v | |a PH 8600 |b Allgemeines; Täter-Opfer-Ausgleich; Wiedergutmachung; Opferentschädigung |k Rechtswissenschaft |k Strafrecht, Strafverfahrensrecht, Kriminologie |k Kriminologie |k Viktimologie |k Allgemeines; Täter-Opfer-Ausgleich; Wiedergutmachung; Opferentschädigung |0 (DE-627)1271675021 |0 (DE-625)rvk/136512: |0 (DE-576)201675021 |
| 951 | |a BO | ||
| ELC | |b 1 | ||
| LOK | |0 000 xxxxxcx a22 zn 4500 | ||
| LOK | |0 001 3195946181 | ||
| LOK | |0 003 DE-627 | ||
| LOK | |0 004 863006361 | ||
| LOK | |0 005 20171005121323 | ||
| LOK | |0 008 120314||||||||||||||||ger||||||| | ||
| LOK | |0 040 |a DE-21 |c DE-627 |d DE-21 | ||
| LOK | |0 852 |a DE-21 | ||
| LOK | |0 852 1 |c KB 20 A 9073 |9 00 | ||
| LOK | |0 935 |a krim | ||
| LOK | |0 936ln |a k5.3.2 | ||
| LOK | |0 936ln |a k4.6.5 | ||
| LOK | |0 938 |a 1710 |f 34 | ||
| LOK | |0 939 |a 14-03-12 |b l01 | ||
| LOK | |0 000 xxxxxcx a22 zn 4500 | ||
| LOK | |0 001 3195946289 | ||
| LOK | |0 003 DE-627 | ||
| LOK | |0 004 863006361 | ||
| LOK | |0 005 20171130120720 | ||
| LOK | |0 008 120802||||||||||||||||ger||||||| | ||
| LOK | |0 040 |a DE-Frei85 |c DE-627 |d DE-Frei85 | ||
| LOK | |0 852 |a DE-Frei85 | ||
| LOK | |0 852 1 |m p |9 00 | ||
| LOK | |0 938 |k p | ||
| LOK | |0 939 |a 02-08-12 |b l01 | ||
| ORI | |a SA-MARC-krimdoka001.raw | ||
| SIG | |a UB: KB 20 A 9073 | ||
